Navrhovanie pre šesť sigma a štíhle systémy
Popis metodológie šesť sigma. Procedúra DMAIC a DMADV. Realizácia procesu pre navrhovanie šesť sigma. Štíhle systémy
Salvato in:
| Autore principale: | |
|---|---|
| Altri autori: | |
| Natura: | Capitolo di libro |
| Lingua: | slovacco |
| Soggetti: | |
| Tags: |
Nessun Tag, puoi essere il primo ad aggiungerne!!
|
MARC
| LEADER | 00000naa$a2200000$$$4500 | ||
|---|---|---|---|
| 001 | 0100493 | ||
| 005 | 20240502072112.0 | ||
| 041 | 0 | |a slo | |
| 044 | |a SK | ||
| 245 | 1 | 0 | |a Navrhovanie pre šesť sigma a štíhle systémy |c Milan Terek, Ľubica Hrnčiarová |
| 520 | |a Popis metodológie šesť sigma. Procedúra DMAIC a DMADV. Realizácia procesu pre navrhovanie šesť sigma. Štíhle systémy | ||
| 610 | 2 | 0 | |a riadenie kvality |
| 610 | 2 | 0 | |a kvalita výrobkov |
| 610 | 2 | 0 | |a rozhodovanie podnikové |
| 610 | 2 | 0 | |a výskum operačný |
| 610 | 2 | 0 | |a simulácia |
| 610 | 2 | 0 | |a metódy štatistické |
| 610 | 2 | 0 | |a štatistika aplikovaná |
| 610 | 2 | 0 | |a štatistika |
| 100 | 1 | |a Terek, Milan | |
| 700 | 1 | |a Hrnčiarová, Ľubica | |